<?xml version="1.0" encoding="UTF-8"?>
<collection xmlns="http://www.loc.gov/MARC21/slim">
 <record>
  <leader>02388nam a2200361 a 4500</leader>
  <controlfield tag="001">TVCDKTCT14530</controlfield>
  <controlfield tag="003">Thư viện trường Cao đẳng Kỹ thuật Cao Thắng</controlfield>
  <controlfield tag="005">20170602150559.2</controlfield>
  <controlfield tag="008">140325</controlfield>
  <datafield tag="980" ind1="\" ind2="\">
   <subfield code="a">Thư viện Trường CĐ Kỹ Thuật Cao Thắng</subfield>
  </datafield>
  <datafield tag="024" ind1=" " ind2=" ">
   <subfield code="a">RG_1 #1 eb0 i1</subfield>
  </datafield>
  <datafield tag="041" ind1="0" ind2="#">
   <subfield code="a">vie</subfield>
  </datafield>
  <datafield tag="082" ind1="#" ind2="#">
   <subfield code="a">621.462 / </subfield>
   <subfield code="b">Đ309K-b</subfield>
  </datafield>
  <datafield tag="100" ind1="1" ind2="#">
   <subfield code="a">Bùi Quốc Khánh</subfield>
  </datafield>
  <datafield tag="245" ind1="0" ind2="0">
   <subfield code="a">Điều chỉnh tự động Truyền  Động Điện / </subfield>
   <subfield code="c">Bùi Quốc Khánh, ...[et al.]</subfield>
  </datafield>
  <datafield tag="250" ind1="#" ind2="#">
   <subfield code="a">Tái bản lần thứ 6</subfield>
  </datafield>
  <datafield tag="260" ind1="#" ind2="#">
   <subfield code="a">H. : </subfield>
   <subfield code="b">Nhà xuất bản Khoa học Kỹ thuật , </subfield>
   <subfield code="c">2012</subfield>
  </datafield>
  <datafield tag="300" ind1="#" ind2="#">
   <subfield code="a">418tr.</subfield>
  </datafield>
  <datafield tag="520" ind1="#" ind2="#">
   <subfield code="a">Chương 1 trình bày những nguyên tắc cơ bản xây dựng hệ truyền động tự động.</subfield>
  </datafield>
  <datafield tag="520" ind1="#" ind2="#">
   <subfield code="a">Chương 2 và 3 trình bày các mạch đo lường điều khiển và các mạch đo lường điều khiển và các bộ biến đổi điện tử công suất dùng cho hệ thống truyền động tự động.</subfield>
  </datafield>
  <datafield tag="520" ind1="#" ind2="#">
   <subfield code="a">Chương 4,5,6 trình bày cấu trúc cơ bản của hệ thống truyền động d0o65ng cơ một chiều, xoay chiều không đồng bộ và xoay chiều đồng bộ.</subfield>
  </datafield>
  <datafield tag="520" ind1="#" ind2="#">
   <subfield code="a">Chương 7 nêu nguyên tắc cơ bản xây dựng hệ  truyền động nhiều động cơ.</subfield>
  </datafield>
  <datafield tag="520" ind1="#" ind2="#">
   <subfield code="a">Chương 8 nghiên cứu hệ truyền động vị trí.</subfield>
  </datafield>
  <datafield tag="520" ind1="#" ind2="#">
   <subfield code="a">Chương 9 trình bày cấu trúc các hệ truyền động thích nghi</subfield>
  </datafield>
  <datafield tag="520" ind1="#" ind2="#">
   <subfield code="a">Giáo trình gồm 9 chương.</subfield>
  </datafield>
  <datafield tag="520" ind1="#" ind2="#">
   <subfield code="a">Sự bùng nổ tiến bộ kỹ thuật trong lĩnh vực điện - điện tử- tin học những năm gần đây đã dẫn đến những thay đổi sâu sắc cả về mặt lý thuyết lẫn thực tế lĩnh vực truyền động điện tự động.</subfield>
  </datafield>
  <datafield tag="650" ind1="#" ind2="4">
   <subfield code="a">Truyền động điện</subfield>
  </datafield>
  <datafield tag="700" ind1="0" ind2="#">
   <subfield code="a">Dương Văn Nghi</subfield>
  </datafield>
  <datafield tag="700" ind1="0" ind2="#">
   <subfield code="a">Nguyễn Văn Liễn</subfield>
  </datafield>
  <datafield tag="700" ind1="0" ind2="#">
   <subfield code="a">Phạm Quốc Hải</subfield>
  </datafield>
  <datafield tag="721" ind1="#" ind2="#">
   <subfield code="a">CNKT Điện</subfield>
  </datafield>
  <datafield tag="721" ind1="#" ind2="#">
   <subfield code="a">CNKT Nhiệt lạnh</subfield>
  </datafield>
  <datafield tag="841" ind1="#" ind2="#">
   <subfield code="b">Kho Sách </subfield>
   <subfield code="j">100042686, 100042691, 100042866, 100042880, 100042889, 100049490, 100049491, 100049492</subfield>
  </datafield>
 </record>
</collection>
